Osvobozené Slovensko /

Hlavní autor: Klíma, Stanislav, 1878-1944
Jazyk: Čeština
Vydáno: Praha : J. Otto, 1926
Témata:
Externí odkaz: Digitalizovaný dokument
Fyzický popis: 239 s.
Knihy
Uloženo v:
LEADER 00980nam a2200277 a 4500
001 001448900
003 CZ BrMZK
005 20160122085536.0
007 ta
008 150114s1926 xr er|||||||||||cze d
015 |a cnb000580481 
035 |a (OCoLC)23565696 
040 |a ABC013  |b cze  |c ABC013  |d ABC013  |d BOA001 
100 1 |a Klíma, Stanislav,  |d 1878-1944  |7 jk01060540  |4 aut 
245 1 0 |a Osvobozené Slovensko /  |c Stanislav Klíma 
260 |a Praha :  |b J. Otto,  |c 1926 
300 |a 239 s. 
504 |a Obsahuje bibliografii 
500 |a Dostupné též v digitální podobě v aplikaci Kramerius 
655 7 |a monografie  |7 fd132842  |2 czenas 
651 7 |a Slovensko  |7 ge128580  |2 czenas 
856 4 1 |u http://www.digitalniknihovna.cz/mzk/uuid/uuid:b8f35fc0-c7d0-11e4-af6e-005056827e51  |y Digitalizovaný dokument  |x NDK 
910 |a BOA001  |b 2-0335.501 
990 |a BK 
991 |b 201501 
996 6 |b 2618990268  |c 2-0335.501  |l MZK  |r Sklad / do 24 hodin  |n 0  |w 001483562  |u 000010  |a 1  |e BOA001  |j MZK50  |s P